01431nam a2200277Ia 4500003000400000005001700004008004000021020003500061040000700096041000800103082001700111100002700128245006400155260004000219300001100259520050100270650002900771650003300800690002200833700002900855906001100884942001200895999001700907952012200924952010701046OSt20230622123512.0210210b1994 xxu||||| |||| 00| 0 eng d a 978-8173710070c81 7371 007 4 cAL aeng a530.092 VENB aG Venkataraman9124553 aBhabha and his Magnificent ObsessionsbVignettes in physics aHyderabadbUniversities Pressc1994 aix,209 aThis book is about the remarkable scientist Homi Jehangir Bhabha who, at the age of eighteen, went to Cambridge to study Physics and started his research career there. In 1939, when Bhabha came to India on a short vacation, he was forced to stay on as the Second World War broke out. This was, of course, a blessing for the country as he later steered the country’s scientific destiny. The book records Bhabha’s contributions which were in many dimensions and were not just purely scientific. aBhabha physicist9124554 aVignettes in physics9124555 aBiography9124556 aVENKATARAMAN (G)9124557 a049421 2ddccBK c98348d98348 001040708PhysicsaALbALcPhysicsd2021-02-17g70.00l0o530.092 VENBp049421r2021-02-17 00:00:00w2021-02-17yBK 00102ddc40708PHYaALbALd2023-06-16l0o530.092 VENBpD05849r2023-06-22 00:00:00w2023-06-22yDB